Not for the back burner (Record no. 79564)
[ view plain ]
| 000 -LEADER | |
|---|---|
| fixed length control field | 01248cab a22002415a 4500 |
| 001 - CONTROL NUMBER | |
| control field | L141663 |
| 008 - FIXED-LENGTH DATA ELEMENTS--GENERAL INFORMATION | |
| fixed length control field | 071211e20071110xxk f 000 0 eng d |
| 035 ## - SYSTEM CONTROL NUMBER | |
| System control number | (Sirsi) u141663 |
| 041 0# - LANGUAGE CODE | |
| Language code of text/sound track or separate title | eng |
| 100 1# - MAIN ENTRY--PERSONAL NAME | |
| Personal name | Dollar, Peta |
| 245 00 - TITLE STATEMENT | |
| Title | Not for the back burner |
| 260 ## - PUBLICATION, DISTRIBUTION, ETC. | |
| Date of publication, distribution, etc. | 2007 |
| 490 ## - SERIES STATEMENT | |
| Series statement | Estates Gazette |
| Volume/sequential designation | (0749) 8 December 2007, 98-99(2) |
| 520 ## - SUMMARY, ETC. | |
| Summary, etc. | Third of four Mainly for Students articles explaining aspects of contracts for the sale and purchase of commercial property. Covers boilerplate provisions and how to deal with them. Details clauses concerning service notice that no reliance is placed on other parties' representations; statement that the contract forms the whole agreement; provisions concerning service of notice; non-merger clauses; buyer's right to inspect; severance; variation; exclusion of the Contracts (Rights of Third Parties) Act 1999; and confidentiality clauses. |
| 590 ## - LOCAL NOTE (RLIN) | |
| Local note | KA |
| 650 24 - SUBJECT ADDED ENTRY--TOPICAL TERM | |
| Topical term or geographic name entry element | CONTRACTS (RIGHTS OF THIRD PARTIES) ACT 1999 |
| 650 24 - SUBJECT ADDED ENTRY--TOPICAL TERM | |
| Topical term or geographic name entry element | LAW OF PROPERTY (MISCELLANEOUS PROVISIONS) ACT 1989 |
| 650 24 - SUBJECT ADDED ENTRY--TOPICAL TERM | |
| Topical term or geographic name entry element | SUTCLIFFE V LLOYD |
| 650 24 - SUBJECT ADDED ENTRY--TOPICAL TERM | |
| Topical term or geographic name entry element | DOE V SKEGG |
| 651 #4 - SUBJECT ADDED ENTRY--GEOGRAPHIC NAME | |
| Geographic name | United Kingdom |
| Chronological subdivision | |
| 690 ## - LOCAL SUBJECT ADDED ENTRY--TOPICAL TERM (OCLC, RLIN) | |
| Topical term or geographic name as entry element | PROPERTY-COMMERCIAL PROPERTY-ACQUISITION AND DISPOSAL OF COMMERCIAL PROPERTY |
| 942 ## - ADDED ENTRY ELEMENTS (KOHA) | |
| Suppress in OPAC | 0 |
| Withdrawn status | Lost status | Source of classification or shelving scheme | Damaged status | Not for loan | Home library | Current library | Shelving location | Date acquired | Total Checkouts | Full call number | Barcode | Date last seen | Copy number | Price effective from | Koha item type |
|---|---|---|---|---|---|---|---|---|---|---|---|---|---|---|---|
| Dewey Decimal Classification | London | London | Journal article | 11/12/2007 | L141663 | 141663-1001 | 06/08/2019 | 1 | 06/08/2019 | Journal article |